ఆర్య లో అన్ని పాటలు - Statistics

General Stats
  • This quiz has been taken 3 times
  • The average score is 3 of 6
Answer Stats
పాటలు % Correct
ఏదో ప్రియరాగం (నువ్వుంటే)
100%
ఫీల్ మై లవ్
100%
అ అంటే అమలాపురం
50%
ఓ మై బ్రదరు
0%
తకదిమితోం
0%
యు రాక్ మై వరల్డ్
0%
No matching quizzes found
Score Distribution
Percent of People with Each Score
Percentile by Number Answered
Your Score History
You have not taken this quiz